Whither Indian Judiciary (Record no. 3265)

MARC details
000 -LEADER
fixed length control field 00414nam a22001817a 4500
003 - CONTROL NUMBER IDENTIFIER
control field OSt
005 - DATE AND TIME OF LATEST TRANSACTION
control field 20230713155642.0
008 - FIXED-LENGTH DATA ELEMENTS--GENERAL INFORMATION
fixed length control field 230713b |||||||| |||| 00| 0 eng d
020 ## - INTERNATIONAL STANDARD BOOK NUMBER
International Standard Book Number 9789386141125
082 ## - DEWEY DECIMAL CLASSIFICATION NUMBER
Classification number 347.54
Item number KATW
100 ## - MAIN ENTRY--PERSONAL NAME
Personal name KATJU, Markandey
245 ## - TITLE STATEMENT
Title Whither Indian Judiciary
260 ## - PUBLICATION, DISTRIBUTION, ETC.
Place of publication, distribution, etc. Delhi
Name of publisher, distributor, etc. Bloomsburry
Date of publication, distribution, etc. 2018
300 ## - PHYSICAL DESCRIPTION
Extent 296p
546 ## - LANGUAGE NOTE
Language note English
650 ## - SUBJECT ADDED ENTRY--TOPICAL TERM
Topical term or geographic name entry element Law
942 ## - ADDED ENTRY ELEMENTS (KOHA)
Source of classification or shelving scheme Dewey Decimal Classification
Koha item type Book
Holdings
Withdrawn status Lost status Source of classification or shelving scheme Damaged status Not for loan Collection code Home library Current library Shelving location Date acquired Source of acquisition Cost, normal purchase price Inventory number Full call number Barcode Date last seen Price effective from Koha item type Public note
    Dewey Decimal Classification     Non-fiction RIC Library RIC Library General Stacks 07/13/2023 Shiv Book House 599.00 309/24.05.2023 347.54 KATW 002535 07/13/2023 07/13/2023 Book R-7.6

Venue

Rajasthan International Centre
Sansthan Path,JLN Marg, Jaipur- 302017
Phone: +91-7230904025